Statistics for The Amazing Race Countries - International

Click here to take the quiz!

General Stats

  • This quiz has been taken 7 times
  • The average score is 93 of 101

Answer Stats

Versions visitedSeasons visitedPit StopsCountry% Correct
257Tanzania
100%
233Oman
100%
346Turkey
100%
111Ethiopia
100%
344Croatia
100%
111Estonia
100%
111Azerbaijan
100%
112Tunisia
100%
334Costa Rica
100%
2913Israel
100%
2810United Kingdom
100%
266Norway
100%
259Peru
100%
82184Vietnam
100%
233Denmark
100%
233Kazakhstan
100%
233Portugal
100%
123Dominican Republic
100%
222Romania
100%
123Bangladesh
100%
122Iceland
100%
122Paraguay
100%
154Austria
100%
179Switzerland
100%
222Ukraine
100%
222Laos
100%
112Ghana
100%
112Egypt
100%
222Finland
100%
223Uruguay
100%
223Mongolia
100%
223Georgia
100%
223Armenia
100%
355Greece
100%
355Cambodia
100%
3518Ecuador
100%
61325Argentina
100%
51210The Netherlands
100%
53855United States
100%
6912South Korea
100%
61018Chile
100%
51213Japan
100%
61238Philippines
100%
111Venezuela
100%
366Sweden
100%
71115United Arab Emirates
100%
71212Singapore
100%
110Kenya
100%
71741Brazil
100%
71930India
100%
81827Thailand
100%
5610Sri Lanka
100%
123Belgium
100%
41018Indonesia
100%
377Spain
100%
367Panama
100%
468Poland
100%
458Czech Republic
100%
457Taiwan
100%
111Lithuania
100%
3611Colombia
100%
4914Russia
100%
31063Canada
100%
111Ireland
100%
3912Malaysia
100%
111Guatemala
86%
111Uganda
86%
112Kyrgyzstan
86%
111Madagascar
86%
111Mozambique
86%
111Senegal
86%
93277China
86%
124Botswana
86%
31015Italy
86%
71648Australia
86%
71015South Africa
86%
61721France
86%
569Namibia
86%
4713Mexico
86%
146Morocco
86%
110Monaco
86%
335Hungary
86%
334Mauritius
86%
335Cuba
86%
222Jamaica
86%
111Bahrain
71%
110Liechtenstein
71%
112Burkina Faso
71%
224Malawi
71%
111Seychelles
71%
111North Korea
71%
343Zambia
71%
4913New Zealand
71%
112Nepal
71%
3129Germany
71%
346Bolivia
71%
346Zimbabwe
71%
111Kuwait
71%
111Malta
57%
111Trinidad and Tobago
43%
110Bosnia-Herzegovina
29%

Score Distribution

Percentile by Number Answered

Percent of People with Each Score

Your Score History

You have not taken this quiz